American Indian festivals / (Record no. 1899)

MARC details
000 -LEADER
fixed length control field 01344pam a2200349 a 4500
001 - CONTROL NUMBER
control field 1899
003 - CONTROL NUMBER IDENTIFIER
control field FISKH
005 - DATE AND TIME OF LATEST TRANSACTION
control field 20231009103730.0
008 - FIXED-LENGTH DATA ELEMENTS--GENERAL INFORMATION
fixed length control field 960318s1996 nyuab b b 001 0 eng
010 ## - LIBRARY OF CONGRESS CONTROL NUMBER
LC control number 96013475
020 ## - INTERNATIONAL STANDARD BOOK NUMBER
International Standard Book Number 9780516260907
040 ## - CATALOGING SOURCE
Original cataloging agency DLC
Transcribing agency DLC
Modifying agency DLC
Language of cataloging eng
042 ## - AUTHENTICATION CODE
Authentication code lcac
050 00 - LIBRARY OF CONGRESS CALL NUMBER
Classification number E98.R3
Item number M545 1996
082 00 - DEWEY DECIMAL CLASSIFICATION NUMBER
Classification number 394.2/6/08997
Edition number 20
100 1# - MAIN ENTRY--PERSONAL NAME
Personal name Miller, Jay,
Dates associated with a name 1947-
245 10 - TITLE STATEMENT
Title American Indian festivals /
Statement of responsibility, etc. by Jay Miller.
260 ## - PUBLICATION, DISTRIBUTION, ETC.
Place of publication, distribution, etc. New York :
Name of publisher, distributor, etc. Children's Press,
Date of publication, distribution, etc. 1996.
300 ## - PHYSICAL DESCRIPTION
Extent 47 pages :
Other physical details color map ; color illustrations ;
Dimensions 22 cm.
440 #2 - SERIES STATEMENT/ADDED ENTRY--TITLE
Title A true book
505 ## - FORMATTED CONTENTS NOTE
Formatted contents note R<br/>
520 ## - SUMMARY, ETC.
Summary, etc. Briefly describes some of the customs and practices related to festivals celebrated in various North American Indian cultures.
521 8# - TARGET AUDIENCE NOTE
Target audience note 700<br/>
Source Lexile<br/>
521 8# - TARGET AUDIENCE NOTE
Target audience note R<br/><br/>
Source Raz-Plus<br/>
650 #0 - SUBJECT ADDED ENTRY--TOPICAL TERM
Topical term or geographic name entry element Indians of North America
General subdivision Rites and ceremonies
-- Juvenile literature.
650 #0 - SUBJECT ADDED ENTRY--TOPICAL TERM
Topical term or geographic name entry element Indian dance
General subdivision Juvenile literature.
650 #0 - SUBJECT ADDED ENTRY--TOPICAL TERM
Topical term or geographic name entry element Festivals
Geographic subdivision North America
General subdivision Juvenile literature.
650 #1 - SUBJECT ADDED ENTRY--TOPICAL TERM
Topical term or geographic name entry element Indians of North America
General subdivision Rites and ceremonies.
906 ## - LOCAL DATA ELEMENT F, LDF (RLIN)
a 7
b cbc
c orignew
d 1
e ocip
f 19
g y-gencatlg
942 ## - ADDED ENTRY ELEMENTS (KOHA)
Source of classification or shelving scheme Dewey Decimal Classification
Koha item type Books
Suppress in OPAC No
Holdings
Withdrawn status Lost status Source of classification or shelving scheme Damaged status Not for loan Collection Home library Current library Shelving location Date acquired Total Checkouts Full call number Barcode Date last seen Price effective from Koha item type
    Dewey Decimal Classification     Non-Fiction Footprints International School Library Network Toul Kork Campus Footprints International School Library Network Toul Kork Campus TK Primary Library Room(4th Floor), Bookcase 5&6, Shelves 33-56, Orange Books 10/09/2023   MIL 394.2 E98.R3 FISTK01616 10/09/2023 10/09/2023 Books